| Tag |
First Indicator |
Second Indicator |
Subfields |
| LEADER |
00000cam a2200000Ia 4500 |
| 001 |
in00002460121 |
| 005 |
20151110093301.0 |
| 008 |
090218s2008 au ab b 000 0 eng d |
| 020 |
|
|
|a 9789201064080
|
| 020 |
|
|
|a 920106408X
|
| 035 |
|
|
|a (OCoLC)ocn310394823
|
| 035 |
|
|
|a (OCoLC)310394823
|
| 040 |
|
|
|a BTCTA
|c BTCTA
|d COD
|d KKS
|d TXA
|d UtOrBLW
|
| 049 |
|
|
|a TXAM
|
| 090 |
|
|
|a GB1197.7
|b .N83 2008
|
| 245 |
0 |
0 |
|a Nuclear and isotopic techniques for the characterization of submarine groundwater discharge in coastal zones :
|b results of a coordinated research project 2001-2006.
|
| 264 |
|
1 |
|a Vienna :
|b International Atomic Energy Agency,
|c [2008]
|
| 264 |
|
4 |
|c ©2008
|
| 300 |
|
|
|a 192 pages :
|b illustrations (some color), maps (some color) ;
|c 30 cm.
|
| 336 |
|
|
|a text
|b txt
|2 rdacontent
|
| 337 |
|
|
|a unmediated
|b n
|2 rdamedia
|
| 338 |
|
|
|a volume
|b nc
|2 rdacarrier
|
| 490 |
1 |
|
|a IAEA/TECDOC,
|x 1011-4289 ;
|v 1595
|
| 500 |
|
|
|a "July 2008"--Cover.
|
| 520 |
|
|
|a In 2000, the IAEA and UNESCO jointly developed an initiative to assess methodologies and the environmental importance of submarine groundwater discharge (SGD) for coastal zone management. Under that mandate, a coordinated research project was commissioned to test the application of recently developed nuclear and isotopic techniques suitable for quantitative estimation of various components of SGD. This publication highlights several methods of SGD assessment, carried out during a series of five intercomparison experiments in different hydrogeologic environments. It reviews the scientific and management significance of SGD as well as measurement approaches, and presents the results of the intercomparison experiments.--Publisher's description.
|
| 504 |
|
|
|a Includes bibliographical references.
|
| 505 |
2 |
|
|a Quantifying submarine groundwater discharge in the coastal zone via multiple methods / W.C. Burnett, ... [et al.] -- Characterization of submarine groundwater discharge along the south-eastern coast of Sicily (Italy) / A. Aureli, ... [et al.] -- Isotopic and chemical characterization of coastal and submarine Karstic groundwater discharges in southern Turkey / C.S. Bayari, N.N. Ozyurt -- Radon as a tracer of submarine groundwater discharge / W.C. Burnett -- Isotope techniques for assessment of submarine discharge in Ubatuba coastal areas, Brazil / J. de Oliveira -- Development of operational system for monitoring and studying groundwater discharge and seawater intrusion in coastal zones / E.A. Kontar -- Radium isotopes as tracers of submarine groundwater discharge / W.S.Moore -- Modelling method for SGD phenomenon and SGD measurements in the gulf of Trieste. Pt. A: Modelling method for simulation of SGD phenomenon / R. Rajar -- Modelling method for SGD phenomenon and SGD measurements in the gulf of Trieste. Pt. B: Geochemical characterization of submarine spring off Izola (Gulf of Trieste, N. Adriatic Sea) / J. Faganeli, ... [et al.] -- Submarine groundwater discharge experiments in India / B.L.K. Somayajulu -- Evaluations of submarine groundwater discharge and saltwater-freshwater interface by uses of automated seepage meters and resistivity measurements / M. Taniguchi.
|
| 650 |
|
0 |
|a Groundwater flow.
|
| 650 |
|
0 |
|a Coasts.
|
| 710 |
2 |
|
|a International Atomic Energy Agency.
|
| 830 |
|
0 |
|a IAEA-TECDOC ;
|v 1595.
|
| 938 |
|
|
|a Baker and Taylor
|b BTCP
|n BK0008199435
|
| 948 |
|
|
|a cataloged
|b h
|c 2009/4/14
|d c
|e blrosas
|f 9:05:15 am
|
| 994 |
|
|
|a C0
|b TXA
|
| 999 |
|
|
|a MARS
|
| 999 |
f |
f |
|s 0695d35e-8a7a-319b-812d-dd9e10b35d41
|i a0ed93ed-2277-3080-be73-996bba8688d5
|t 0
|
| 952 |
f |
f |
|p ric
|a Texas A&M University
|b Rellis Campus
|c Joint Library Facility
|d Remote Storage
|t 0
|e GB1197.7 .N83 2008
|h Library of Congress classification
|i unmediated -- volume
|m A14838773618
|
| 998 |
f |
f |
|a GB1197.7 .N83 2008
|t 0
|l Remote Storage
|